| 000 | nam a22 7a 4500 | ||
|---|---|---|---|
| 999 |
_c19461 _d19461 |
||
| 008 | 170116b xxu||||| |||| 00| 0 eng d | ||
| 020 | _a9781572902138 | ||
| 050 | _aQA 154.3 .E57 2008 | ||
| 100 | _aEnright, Brian E. | ||
| 245 |
_aA success : _bthe key elements to algebra success/ _cBrian E. Enright, lisa O. Schueren, Wendy S. Maldonsdo, Leslie G. Baker and Jennifer L. Klinsmith. |
||
| 260 |
_aSummerfield, Nc: _bNationa training network/ _c2008. |
||
| 300 |
_as452p. : _bill. ; _c28cm. |
||
| 500 | _aInclude index. | ||
| 650 | _aAlgebra. | ||
| 700 | _aSchueren, Lisa O. | ||
| 700 | _aMaldonado, Wendy S. | ||
| 700 | _aBaker, Leslie G. | ||
| 700 | _aKlinesmith, Jennifer L. | ||
| 942 |
_2lcc _cBOOKS _hQA 154.3 .E57 2008 |
||